LEADER 00837nam0-22002891i-450- 001 990000641490403321 005 20001010 035 $a000064149 035 $aFED01000064149 035 $a(Aleph)000064149FED01 035 $a000064149 100 $a20001010d--------km-y0itay50------ba 101 0 $aita 105 $ay-------001yy 200 1 $aMemoria dinamica$euna teoria della rievocazione e dell' apprendimento nei calcolatori e nelle persone$fRoger C.Schank. 210 $aPomezia$cSARIN$eVenezia$cMarsilio$d1987 215 $axi, 165 p.$d22 cm 225 1 $aTelematica 700 1$aSchank,$bRoger C.$032334 801 0$aIT$bUNINA$gRICA$2UNIMARC 901 $aBK 912 $a990000641490403321 952 $a01 D V 12$b00870$fDINST 959 $aDINST 996 $aMemoria dinamica$9314801 997 $aUNINA DB $aING01 LEADER 01807nam 2200505 450 001 9910799297203321 005 20221108064832.0 024 7 $a2027/heb31366 035 $a(CKB)2670000000416192 035 $a(dli)HEB31366 035 $a(MiAaPQ)EBC5485129 035 $a(MiU)MIU01000000000000012432040 035 $a(EXLCZ)992670000000416192 100 $a20180823d2004 uy 0 101 0 $aeng 135 $aurmnummmmuuuu 181 $ctxt$2rdacontent 182 $cc$2rdamedia 183 $acr$2rdacarrier 200 00$aJews in independent Poland, 1918-1939 /$fedited by Antony Polonsky, Ezra Mendelsohn and Jerzy Tomaszewski 210 1$aOxford ;$aPortland, Oregon :$cThe Littman Library of Jewish Civilization,$d2004. 215 $a1 online resource (xxi, 457 p. )$cmaps ; 225 1 $aPolin : Studies in Polish Jewry ;$vVolume 8 300 $a"Published for The Institute for Polish-Jewish Studies and The American Association for Polish-Jewish Studies." 311 $a1-904113-22-2 320 $aIncludes bibliographical references and index. 410 0$aPolin (Series) ;$vVolume 8.$x0268-1056 606 $aJews$zPoland$xHistory 607 $aPoland$xEthnic relations 607 $aPoland$xHistory$y1918-1945 615 0$aJews$xHistory. 676 $a943.8004924 702 $aPolonsky$b Antony 702 $aMendelsohn$b Ezra 702 $aTomaszewski$b Jerzy$f1930-2014, 712 02$aInstitute for Polish-Jewish Studies (Oxford, England) 712 02$aAmerican Association for Polish-Jewish Studies. 712 02$aAmerican Council of Learned Societies. 801 0$bMiAaPQ 801 1$bMiAaPQ 801 2$bMiAaPQ 906 $aBOOK 912 $a9910799297203321 996 $aJews in independent Poland, 1918-1939$92043741 997 $aUNINA